Database system concepts (Record no. 489)

000 -LEADER
fixed length control field 00571nam a22002297a 4500
001 - CONTROL NUMBER
control field 489
003 - CONTROL NUMBER IDENTIFIER
control field BD-DhUET
008 - FIXED-LENGTH DATA ELEMENTS--GENERAL INFORMATION
fixed length control field 140722b xxu||||| |||| 00| 0 eng d
020 ## - INTERNATIONAL STANDARD BOOK NUMBER
International Standard Book Number 007124476X
040 ## - CATALOGING SOURCE
Transcribing agency 0
Modifying agency BD-DhUET
082 ## - DEWEY DECIMAL CLASSIFICATION NUMBER
Classification number 005.74
Item number SIL/2006
100 ## - MAIN ENTRY--PERSONAL NAME
Personal name Silberschatz, Abraham
245 ## - TITLE STATEMENT
Title Database system concepts
250 ## - EDITION STATEMENT
Edition statement 5th ed.
260 ## - PUBLICATION, DISTRIBUTION, ETC. (IMPRINT)
Place of publication, distribution, etc. Boston
Name of publisher, distributor, etc. McGraw-Hill
Date of publication, distribution, etc. 2006
300 ## - PHYSICAL DESCRIPTION
Extent xxvi,1142p.
Other physical details ill.
504 ## - BIBLIOGRAPHY, ETC. NOTE
Bibliography, etc Includes bibliographies
650 #0 - SUBJECT ADDED ENTRY--TOPICAL TERM
Topical term or geographic name as entry element Database management
700 ## - ADDED ENTRY--PERSONAL NAME
Personal name Korth, Henry F.
700 ## - ADDED ENTRY--PERSONAL NAME
Personal name Sudarshan, S.
942 ## - ADDED ENTRY ELEMENTS (KOHA)
Koha item type General Book
Holdings
Date acquired Sublocation or collection (holding branch) Koha date last seen Koha full call number Koha renewals Not for loan Koha issues (times borrowed) Source of classification or shelving scheme Lost status Location (home branch) Koha item type Damaged status Shelving location Piece designation (barcode) Koha normalized classification for sorting Price effective from Copy number Withdrawn status Koha date last borrowed
2014-07-22Central Library, BUET2014-07-22007.74/SIL/2006     Central Library, BUETGeneral Book Circulation section103320007_000000000000000_74SIL20062014-07-221  
2014-07-22Central Library, BUET2016-12-24007.74/SIL/20062    Central Library, BUETGeneral Book Circulation section103321007_000000000000000_74SIL20062014-07-222  
2014-08-25Central Library, BUET2014-08-25005.74 SIL/2006     Central Library, BUETGeneral Book Circulation section103322005_740000000000000_SIL20062014-08-253  
2014-08-25Central Library, BUET2021-12-18005.74/SIL/2006  1  Central Library, BUETGeneral Book Circulation section103323005_000000000000000_74SIL20062014-08-254 2021-12-04
2014-08-25Central Library, BUET2014-08-25005.74/SIL/2006     Central Library, BUETGeneral Book Circulation section103324005_000000000000000_74SIL20062014-08-255  
2014-08-25Central Library, BUET2014-08-25005.74/SIL/2006     Central Library, BUETGeneral Book Circulation section103325005_740000000000000_SIL_20062014-08-256  
2014-08-25Central Library, BUET2017-07-16005.74/SIL/2006  1  Central Library, BUETGeneral Book Circulation section103326005_740000000000000_SIL_20062014-08-257 2017-07-01
2014-08-25Central Library, BUET2014-08-25005.74/SIL/2006     Central Library, BUETGeneral Book Circulation section103327005_000000000000000_74SIL20062014-08-258  
2014-08-25Central Library, BUET2014-08-25005.74/SIL/2006     Central Library, BUETGeneral Book Circulation section103328005_000000000000000_74SIL20062014-08-259  
2014-08-25Central Library, BUET2014-08-25005.74/SIL/2006     Central Library, BUETGeneral Book Circulation section103329005_000000000000000_74SIL20062014-08-2510  
2015-06-09Central Library, BUET2015-06-09005.74/SIL/2006     Central Library, BUETReading Item Reading section102172005_740000000000000_SIL_20062015-06-0911  
2015-06-09Central Library, BUET2015-06-09005.74/SIL/2006     Central Library, BUETReading Item Reading section102554005_740000000000000_SIL_20062015-06-0912